ბათუმის შოთა რუსთაველის სახელმწიფო უნივერსიტეტის ბიბლიოთეკა

საზოგადოებასთან ურთიერთობის სამაგიდო ენციკლოპედია (ბიბ.ჩანაწერი № 34413)

000 -LEADER
fixed length control field 00832nam a2200229Ia 4500
001 - CONTROL NUMBER
control field 118
003 - CONTROL NUMBER IDENTIFIER
control field GE_BSU
008 - FIXED-LENGTH DATA ELEMENTS--GENERAL INFORMATION
fixed length control field 181216s||||||||xx |||||||||||||| ||und||
020 ## - INTERNATIONAL STANDARD BOOK NUMBER
International Standard Book Number 9994041096
040 ## - CATALOGING SOURCE
Transcribing agency GE_BSU
080 ## - UNIVERSAL DECIMAL CLASSIFICATION NUMBER
Universal Decimal Classification number 659.4(031)
245 ## - TITLE STATEMENT
Title საზოგადოებასთან ურთიერთობის სამაგიდო ენციკლოპედია
245 ## - TITLE STATEMENT
Statement of responsibility, etc. პროექტის ავტ.მარღია,ელგუჯა.
260 ## - PUBLICATION, DISTRIBUTION, ETC.
Place of publication, distribution, etc. თბილისი
260 ## - PUBLICATION, DISTRIBUTION, ETC.
Name of publisher, distributor, etc. გამომცემლობა ,,ცოტნე''
260 ## - PUBLICATION, DISTRIBUTION, ETC.
Date of publication, distribution, etc. 2006
300 ## - PHYSICAL DESCRIPTION
Extent 293გვ.ილ.28სმ.
300 ## - PHYSICAL DESCRIPTION
Accompanying material ბიბლიოგრ.:გვ.293
653 ## - INDEX TERM--UNCONTROLLED
Uncontrolled term საზოგადოებასთან ურთიერთობა
942 ## - ADDED ENTRY ELEMENTS (KOHA)
Koha item type წიგნი
ეგზემპლარები
Withdrawn status Lost status Damaged status Not for loan Date acquired Barcode Date last seen Price effective from Koha item type Public note
        2018-12-17 2102 2018-12-17 2018-12-17 წიგნი დარბაზი
        2018-12-17 2103 2018-12-17 2018-12-17 წიგნი დარბაზი